Palabras ajenas : (Registro nro. 14419)

Detalles MARC
000 -LIDER
fixed length control field 02159nam a2200301 a 4500
001 - NÚMERO DE CONTROL
Identificador de número de control 000003565
003 - IDENTIFICACDOR DE NÚMERO DE CONTROL
control field DO-SdBNP
005 - DATE AND TIME OF LATEST TRANSACTION
control field 20230713104521.0
007 - CAMPOS FIJOS DE DESCRIPCIÓN FÍSICA
fixed length control field ta
008 - ELEMENTOS DE LONGITUD FIJA
fixed length control field 090710s2007 dr 000 0 spa d
020 ## - ISBN
International Standard Book Number 9789945427165
040 ## - FUENTE DE CATALOGACIÓN
Agencia que crea de manera original el registro DO-SdBNP
Idioma de catalogación spa
Agencia que realiza la transcripción BPMSU
082 #4 - NÚMERO DE CLASIFICACIÓN DECIMAL DE DEWEY
Classification number RD868
Item number M385p 2007
Edition number 22
100 1# - ASIENTO PRINCIPAL -- NOMBRE PERSONAL
Nombre personal Martínez, Vianco,
245 10 - MENCIÓN DE TITULO
Título Palabras ajenas :
Subtítulo escritores extranjeros de paso por Santo Domingo /
Mención de responsabilidad Vianco Martínez ; edición a cargo de Basilio Belliard
260 ## - PUBLICACIÓN, DISTRIBUCIÓN, ETC. (PIE DE IMPRENTA)
Lugar de publicación, distribución, etc Santo Domingo :
Nombre del editor, distribuidor, etc. Secretaría de Estado de Cultura,
Fecha de publicación, distribución, etc 2007.
300 ## - DESCRIPCIÓN FÍSICA
Extensión 237 p. ;
Dimensiones 23 cm.
500 ## - NOTA GENERAL
Nota general Incluye datos biográficos del autor en la solapa de la cubierta
500 ## - NOTA GENERAL
Nota general Incluye referencias bibliogràficas y notas al pie de las páginas
505 0# - NOTA DE CONTENIDO
Texto normalizado de contenido Presentación. Basilio Belliard, 13 -- Una conversación con la eternidad. Vianco Martínez, 15 -- El día que Pablo Escobar mando a matar a Laura Restrepo. Laura Restrepo, 17 -- Vengo del país en donde no hay poetas presos. Zoé Valdés, 31 -- La condición humana es casi perversa. Abel Posse, 57 -- La censura es como si te cortaran las manos. Federico Andahazi, 85 -- En la derrota no hay compañía Sergio Ramírez, 103 -- La globalización nos hará más analfabetos. Sergio Ramírez, 117 -- La verdadera inmortalidad es la de los poetas. Eliseo Alberto, 129 -- El teniente Mario Conde es una metáfora de la Cuba contemporánea. Leonardo Padura, 147 --El poder me contamino. Tomas Borges, 159 / Yo no creo en la literatura femenina. Ana María Matute, 171 -- Siempre he querido que mis obras tengan un sello de eternidad. Miguel Barnett, 175 -- Ni el periodismo ni la literatura deben tener obligaciones con el Estado. Mayra Montero, 197 -- Los colombiano tienen de Aureliano Buendía una rebeldía nacida del desamparo y la soledad. William Ospina, 215.
590 ## - NOTA LOCAL
Enlace Inventariado, 2023/VM
650 #4 - ENCABEZAMIENTO DE MATERIA--TEMÁTICO
Término temático o nombre geográfico como elemento de entrada Autores hispanoamericanos
Subdivisión temática general Entrevistas
650 #4 - ENCABEZAMIENTO DE MATERIA--TEMÁTICO
Término temático o nombre geográfico como elemento de entrada Literatura
Subdivisión temática general Historia y crítica
700 1# - ASIENTO SECUNDARIO -- NOMBRE PERSONAL
Nombre personal Belliard, Basilio,
Mención de responsabilidad ed.
710 2# - ASIENTO SECUNDARIO -- NOMBRE CORPORATIVO
Nombre corporativo o de jurisdicción Secretaria de Estado de Cultura (República Dominicana)
910 ## - VALIDACIÓN
Validación VMateo V. Control de calidad (BPMSU)
942 ## - ADDED ENTRY ELEMENTS (KOHA)
Source of classification or shelving scheme Dewey Decimal Classification
Koha item type Libros
Existencias
Withdrawn status Lost status Source of classification or shelving scheme Damaged status Not for loan Collection code Home library Current library Date acquired Total Checkouts Full call number Barcode Date last seen Price effective from Koha item type
    Dewey Decimal Classification     Colección Dominicana Biblioteca Pública Metropolitana Salomé Ureña Biblioteca Pública Metropolitana Salomé Ureña 07/13/2023   BPMSU CD RD868 M385p 2007 BPMSU23070029 07/13/2023 07/13/2023 Libros